LEADER 04772nam 22006135 450 001 9910629289003321 005 20251008151940.0 010 $a9783031182792$b(electronic bk.) 010 $a3031182790$b(electronic bk.) 024 7 $a10.1007/978-3-031-18279-2 035 $a(PPN)276162196 035 $a(CKB)25299544100041 035 $a(OCoLC)1349566613$z(OCoLC)1350470054$z(OCoLC)1350688655 035 $a(MiAaPQ)EBC7129825 035 $a(Au-PeEL)EBL7129825 035 $a(DE-He213)978-3-031-18279-2 035 $a(EXLCZ)9925299544100041 100 $a20221031d2023 u| 0 101 0 $aeng 135 $aurcn#|||||||| 181 $ctxt$2rdacontent 182 $cc$2rdamedia 183 $acr$2rdacarrier 200 10$aAmerican and Canadian Counterinsurgency Strategies in Afghanistan /$fby Federmán Rodríguez 205 $a1st ed. 2023. 210 1$aCham :$cSpringer International Publishing :$cImprint: Palgrave Macmillan,$d2023. 215 $a1 online resource (xvii, 248 pages) $cillustrations 225 1 $aCanada and International Affairs,$x2523-7195 311 08$aPrint version: Rodríguez, Federmán American and Canadian Counterinsurgency Strategies in Afghanistan Cham : Springer International Publishing AG,c2022 9783031182785 (OCoLC)1348995008 320 $aIncludes bibliographical references and index. 327 $a1. Introduction -- 2. Countries with Different Material Capabilities Behaving Similarly -- 3. Unipolarity and Irregular Warfare: Assessing the Afghanistan Intervention?s Strategic Environment -- 4. American and Canadian Security Beliefs: Transitioning to Similar Foreign and Security Policies during the Afghanistan Intervention -- 5. Domestic Hurdles, Canadian and American Foreign Policy Executives(FPEs)? Structural Autonomy and Resource-Extraction Capability -- 6. Conclusion: Unravelling the Research Puzzle. 330 $a?Federman Rodriguez sets out to resolve an intriguing puzzle: How did two countries with so great a disparity of national power, Canada and the United States, come to adopt similar military policies in Afghanistan in 2006-2011? International Relations theory and historical precedent would have predicted otherwise. Rodriguez?s highly readable volume provides a compelling explanation of Canadian and US foreign policy and sheds light on the opportunities and limitations of power in the international system.? --Elinor Sloan, Carleton University, Canada. ?Federman Rodriguez adapts the theory of neoclassical realism to explain, despite vastly different capabilities, how Canada and the United States? foreign and security policy in Afghanistan converged on a counterinsurgency campaign. He provides a theoretically unique and empirically rich analysis of the decisions made by each country. This book is important in understanding what happened to the ill-fated intervention in Afghanistan.? --Brian C. Schmidt, Carleton University, Canada. The book aims to explain the factors that brought about a high degree of similarity between American and Canadian foreign and security policies during the Afghanistan intervention. Specifically, it seeks to explain why, despite their different positions in the international distribution of power, the United States and Canada embraced similar counterinsurgency (COIN) strategies from 2005/2006 to 2011. During this time, the United States and Canada fought against insurgent groups, sought to maintain stabilized areas by mentoring Afghan forces, and invested in infrastructure and governance. These goals, which corresponded to the ?clear,? ?hold,? and ?build? COIN components, entailed sending troops and civilian officials to a war zone and committing financial resources. Federman Rodriguez is Assistant Professor of the Faculty of International Relations, Political and Urban Studies at Rosario University, Bogotá, Colombia. 410 0$aCanada and International Affairs,$x2523-7195 606 $aInternational relations 606 $aPolitics and war 606 $aSecurity, International 606 $aInternational Relations Theory 606 $aMilitary and Defence Studies 606 $aInternational Security Studies 615 0$aInternational relations. 615 0$aPolitics and war. 615 0$aSecurity, International. 615 14$aInternational Relations Theory. 615 24$aMilitary and Defence Studies. 615 24$aInternational Security Studies. 676 $a355.0218 676 $a355.021809581 700 $aRodri?guez$b Federma?n$01265711 801 0$bMiAaPQ 801 1$bMiAaPQ 801 2$bMiAaPQ 912 $a9910629289003321 996 $aAmerican and Canadian Counterinsurgency Strategies in Afghanistan$92968183 997 $aUNINA LEADER 01239nam0 22003131i 450 001 UON00073868 005 20231205102401.459 100 $a20020107d1984 |0itac50 ba 101 $aita 102 $aIT 105 $a|||| ||||| 200 1 $aRuth First$eAlle radici dell'apartheid$eAntologia sulla storia, la forza lavoro migrante, le economie contadine in Africa Australe$fA cura di Anna Maria Gentili 210 $aMilano$cFranco Angeli$dc1984 215 $a222 p.$d22 cm 606 $aAPARTHEID$3UONC019003$2FI 606 $aCAPITALISMO SUDAFRICANO$3UONC022431$2FI 606 $aFIRST, Bruth$3UONC022432$2FI 606 $aRAZZISMO$xAfrica$3UONC022433$2FI 620 $aIT$dMilano$3UONL000005 676 $a320.56$cRAZZISMO$v21 676 $a330.122$cCapitalismo$v21 702 1$aGentili$bAnna Maria$3UONV042912 712 $aAngeli$3UONV277541$4650 801 $aIT$bSOL$c20260116$gRICA 899 $aSIBA - SISTEMA BIBLIOTECARIO DI ATENEO E ARCHIVIO STORICO$2UONSI 912 $aUON00073868 950 $aSIBA - SISTEMA BIBLIOTECARIO DI ATENEO E ARCHIVIO STORICO$dSI ST 088 $eSI AA 8078 5 088 996 $aRUTH First$9654459 997 $aUNIOR LEADER 06370nam 22008055 450 001 9910380738603321 005 20260218131743.0 010 $a3-030-40943-0 024 7 $a10.1007/978-3-030-40943-2 035 $a(CKB)4100000010473816 035 $a(DE-He213)978-3-030-40943-2 035 $a(MiAaPQ)EBC6121813 035 $a(PPN)242980473 035 $a(MiAaPQ)EBC6122079 035 $a(EXLCZ)994100000010473816 100 $a20200221d2020 u| 0 101 0 $aeng 135 $aurnn#008mamaa 181 $ctxt$2rdacontent 182 $cc$2rdamedia 183 $acr$2rdacarrier 200 10$aComplex Networks XI $eProceedings of the 11th Conference on Complex Networks CompleNet 2020 /$fedited by Hugo Barbosa, Jesus Gomez-Gardenes, Bruno Gonçalves, Giuseppe Mangioni, Ronaldo Menezes, Marcos Oliveira 205 $a1st ed. 2020. 210 1$aCham :$cSpringer International Publishing :$cImprint: Springer,$d2020. 215 $a1 online resource (XVI, 404 p. 163 illus., 134 illus. in color.) 225 1 $aSpringer Proceedings in Complexity,$x2213-8692 311 08$a3-030-40942-2 320 $aIncludes bibliographical references. 327 $aPart I Theory -- Condensed Graphs: a generic framework for accelerating subgraph census computation -- Group cohesion assessment in networks; Node Classi?cation with Bounded Error Rates -- Assessment of the effectiveness of random and real-networks based on the asymptotic entropy -- Unsupervised Strategies to Network Topology Recon?guration Optimization with Limited Link Addition -- Embedding of Signed Networks Focusing on Both Structure and Relation -- Power of Nodes Based on Their Interdependence -- Asymmetric Node Similarity Embedding for Directed Graphs -- Consistent Recovery of Communities from Sparse Multi-relational Networks: A Scalable Algorithm with Optimal Recovery Conditions -- Part II Processes -- Zealotry and In?uence Maximization in the Voter Model: When to Target Partial Zealots? -- Collective Decision-Making on Triadic Graphs.-Reconstruction of Demand Shocks in Input-Output Networks -- Part III Biomedical Applications -- Boolean Threshold Networks as Models of Genotype-Phenotype Maps -- Subsystem Cooperation in Complex Networks - Case Brain Network -- Network-Based Approach for Modeling and Analyzing Coronary Angiography.-Connecting Neural Reconstruction Integrity (NRI) to Graph Metrics and Biological Priors -- Part IV Social Media Analysis -- Twitter Watch: Leveraging Social Media to Monitor and Predict Collective-Ef?cacy of Neighborhoods -- A Longitudinal Analysis of Vocabulary Changes in Social Media -- Communities of Human Migration in Social Media: An Experiment in Social -- Demographic analysis of music preferences in streaming service networks -- Part V Mobility Networks -- Comparative Analysis of Store Opening Strategy Based on Movement Behavior Model over Urban Street Networks -- Optimisation of Signal Timings in a Road Network -- Gender Patterns of Human Mobility in Colombia: Reexamining Ravenstein?s Laws of Migration -- Dynamic Network of United States Air Transportation at Multiple Levels -- Part VI Economical Networks -- Mining the Automotive Industry: A Network Analysis of Corporate Positioning and Technological Trends -- Finding the Worldwide Industrial Transfer Pattern under the Perspective of Econophysics -- Similarity Analysis in Multilayer Temporal Food Trade Network -- Transactional Compatible Representations for High Value Client Identi?cation: A Financial Case Study -- Part VII Social Problems -- A Complex Network Approach to Structural Inequality of Educational Deprivation in a Latin American country -- Network-Based Delineation of Health Service Areas: A Comparative Analysis of Community Detection Algorithms -- Diversity Analysis Exposes Unexpected key Roles in Multiplex Crime Networks -- Part VIII Science of Science -- Policy-Relevant Science: The Depth and Breadth of Characterizing the Dynamics of Academic Af?liations: A Network Science Approach. 330 $aThis book aims to bring together researchers and practitioners from diverse disciplines?from sociology, biology, physics, and computer science?who share a passion to better understand the interdependencies within and across systems. This volume contains contributions presented at the 11th International Conference on Complex Networks (CompleNet) in Exeter, United Kingdom, 31 March - 3 April 2020. CompleNet is a venue for discussing ideas and findings about all types of networks, from biological, to technological, to informational and social. It is this interdisciplinary nature of complex networks that CompleNet aims to explore and celebrate. 410 0$aSpringer Proceedings in Complexity,$x2213-8692 606 $aGraph theory 606 $aSociology$xMethodology 606 $aComputational intelligence 606 $aDynamics 606 $aNonlinear theories 606 $aGraph Theory 606 $aSociological Methods 606 $aComputational Intelligence 606 $aApplied Dynamical Systems 606 $aXarxes d'ordinadors$2thub 606 $aXarxes socials en línia$2thub 608 $aCongressos$2thub 608 $aLlibres electrònics$2thub 615 0$aGraph theory. 615 0$aSociology$xMethodology. 615 0$aComputational intelligence. 615 0$aDynamics. 615 0$aNonlinear theories. 615 14$aGraph Theory. 615 24$aSociological Methods. 615 24$aComputational Intelligence. 615 24$aApplied Dynamical Systems. 615 7$aXarxes d'ordinadors 615 7$aXarxes socials en línia 676 $a004.6 676 $a004.6 702 $aBarbosa$b Hugo$4edt$4http://id.loc.gov/vocabulary/relators/edt 702 $aGomez-Gardenes$b Jesus$4edt$4http://id.loc.gov/vocabulary/relators/edt 702 $aGonc?alves$b Bruno$4edt$4http://id.loc.gov/vocabulary/relators/edt 702 $aMangioni$b Giuseppe$4edt$4http://id.loc.gov/vocabulary/relators/edt 702 $aMenezes$b Ronaldo$4edt$4http://id.loc.gov/vocabulary/relators/edt 702 $aOliveira$b Marcos$4edt$4http://id.loc.gov/vocabulary/relators/edt 801 0$bMiAaPQ 801 1$bMiAaPQ 801 2$bMiAaPQ 906 $aBOOK 912 $a9910380738603321 996 $aComplex Networks XI$91879303 997 $aUNINA LEADER 01313nam0 22003011i 450 001 UON00481867 005 20231205105252.60 010 $a37-663-2430-6 100 $a20171019f1993 |0itac50 ba 101 $ager 102 $aDE 105 $a|||| 1|||| 200 1 $aˆ"‰Ohne Gewalt läuft nichts!"$eJugend und Gewalt in Deutschland$fKlaus Farin$gEberhard Seidel-Pielen 210 $aKöln$cBund-Verl$dc1993 215 $a304 p$cill.$d21 cm. 316 $aDono del Goethe-Institut di Napoli. - Ex n.inv.: 94/116$5IT-UONSI F. Goethe301OHN/0551 606 $aAdolescenti$xPsicologia sociale$xGermania$3UONC092365$2FI 620 $aDE$dKöln$3UONL005641 676 $a305.23$cGRUPPI SOCIALI - Giovani$v21 700 1$aFARIN$bKlaus$3UONV236551$0783342 701 1$aSEIDEL-PIELEN$bEberhard$3UONV236552$0783343 712 $aBund$3UONV276743$4650 801 $aIT$bSOL$c20260220$gRICA 899 $aSIBA - SISTEMA BIBLIOTECARIO DI ATENEO E ARCHIVIO STORICO$2UONSI 912 $aUON00481867 950 $aSIBA - SISTEMA BIBLIOTECARIO DI ATENEO E ARCHIVIO STORICO$dSI F. Goethe 301 OHN 0551 $eSI 23751 7 0551 Dono del Goethe-Institut di Napoli. - Ex n.inv.: 94/116 996 $aOhne Gewalt läuft nichts!"$91740122 997 $aUNIOR